Standard letters in architectural practice (Record no. 109073)

MARC details
000 -LEADER
fixed length control field 02122cam a22003015a 4500
001 - CONTROL NUMBER
control field L146211
008 - FIXED-LENGTH DATA ELEMENTS--GENERAL INFORMATION
fixed length control field 081216s2008 xxk f 001 0 eng d
020 ## - INTERNATIONAL STANDARD BOOK NUMBER
International Standard Book Number 9781405179652
035 ## - SYSTEM CONTROL NUMBER
System control number (Sirsi) u146211
041 0# - LANGUAGE CODE
Language code of text/sound track or separate title eng
050 04 - LIBRARY OF CONGRESS CALL NUMBER
Classification number 692.8 $2 18
100 1# - MAIN ENTRY--PERSONAL NAME
Personal name Chappell, David
245 00 - TITLE STATEMENT
Title Standard letters in architectural practice
Medium [electronic resource]
250 ## - EDITION STATEMENT
Edition statement 4th ed.
300 ## - PHYSICAL DESCRIPTION
Extent eBook
350 ## - PRICE (NR) (BK AM CF MU VM SE) [OBSOLETE]
Price 57.50
505 2# - FORMATTED CONTENTS NOTE
Formatted contents note Appraisal -- Design brief -- Concept -- Design development -- Technical design -- Production information -- Tender documentation -- Tender action -- Mobilisation -- Construction to practical completion -- Post practical completion -- Index
520 ## - SUMMARY, ETC.
Summary, etc. Fourth edition of an eBook that provides over 300 standard letters for use by members of the construction industry at all stages of project administration. Includes the CDM Regulations 2007, the revised RIBA Code of conduct and its guidance notes, and the RIBA standard agreements for the appointment of an architect published in 2007. Takes into account all the situations encountered in architectural practice. Divides sections according to the latest version of the RIBA Plan of Work (2007). Unless otherwise stated, the letters can be used with the JCT Standard Building Contract, the JCT Intermediate Building Contract, the JCT Intermediate Building contract with contractor's design, the JCT Minor Works Building Contract, the JCT Minor Works Building Contract with contractor's design, the JCT Design and Build Contract, and the General Conditions of Contract for Building and Civil Engineering (GC/Works/1 (1998). Written primarily for architects and contract administrators, this book will also be useful to project managers and employer's agents.
520 ## - SUMMARY, ETC.
Summary, etc. Includes a CD-ROM.
520 ## - SUMMARY, ETC.
Summary, etc. Supersedes 3rd ed. ISBN 1405115564
590 ## - LOCAL NOTE (RLIN)
Local note KA
650 24 - SUBJECT ADDED ENTRY--TOPICAL TERM
Topical term or geographic name entry element EBOOK
651 #4 - SUBJECT ADDED ENTRY--GEOGRAPHIC NAME
Geographic name England and Wales
Chronological subdivision 1543-
690 ## - LOCAL SUBJECT ADDED ENTRY--TOPICAL TERM (OCLC, RLIN)
Topical term or geographic name as entry element BUILT ENVIRONMENT-BUILDING CONTRACT FORMS
856 48 - ELECTRONIC LOCATION AND ACCESS
Uniform Resource Identifier <a href="https://www.vlebooks.com/">https://www.vlebooks.com/</a>
Public note View on VLEbooks. Logins for members only from [email protected]
942 ## - ADDED ENTRY ELEMENTS (KOHA)
Suppress in OPAC 0
Holdings
Withdrawn status Lost status Damaged status Not for loan Home library Current library Shelving location Date acquired Cost, normal purchase price Total Checkouts Full call number Barcode Date last seen Date last checked out Copy number Cost, replacement price Price effective from Koha item type Source of classification or shelving scheme
  Missing from bundle     London London Books 08/01/2009 57.50 3 692.8 CHA 30076445 06/08/2019 22/05/2009 1 57.50 06/08/2019 Book  
        Virtual Virtual Online 04/03/2010 72.70   EBOOK 146211-2001 06/08/2019   1 72.70 06/08/2019 Book Dewey Decimal Classification